000 01822cam a2200337 i 4500
001 200468141
003 TR-AnTOB
005 20260416113521.0
007 ta
008 260416r19751958nyu b 000 0 eng d
020 _a0517504367
_q(hardback)
035 _a(TR-AnTOB)200468141
040 _aPLF
_beng
_erda
_cPLF
_dVVN
_dNOR
_dTR-AnTOB
041 0 _aeng
050 _aPS634
_b.B47 1975
090 _aPS634
_b.B47 1975
245 0 0 _aBest American plays :
_bfourth series, 1951-1957 /
_cedited with an introduction by John Gassner.
264 1 _aNew York :
_bCrown Publishers,
_c1975.
300 _a648 pages ;
_c24 cm
336 _atext
_btxt
_2rdacontent
337 _aunmediated
_bn
_2rdamedia
338 _avolume
_bnc
_2rdacarrier
504 _aBIB
505 0 0 _tPreface --
_tIntroduction: and still it moves --
_tI am a camera /
_rJohn Van Druten --
_tCat on a hot tin roof /
_rTennessee Williams --
_tRose tattoo /
_rTennessee Williams --
_tMoon for the misbegotten /
_rEugene O'Neill --
_tHatful of rain /
_rMichael V. Gazzo --
_tPicnic /
_rWilliam Inge --
_tBus stop /
_rWilliam Inge --
_tTea and sympathy /
_rRobert Anderson --
_tView from the bridge /
_rArthur Miller --
_tCrucible /
_rArthur Miller --
_tInherit the wind /
_rJerome Lawrence and Robert E. Lee --
_tCaine mutiny court-martial /
_rHerman Wouk --
_tFourposter /
_rJan D. Hartog --
_tSeven year itch /
_rGeorge Axelrod --
_tMatchmaker /
_rThornton Wilder --
_tNo time for sergeants /
_rIra Levin and Mac Hyman --
_tSolid gold Cadillac /
_rGeorge S. Kaufman and Howard Teichmann --
_tSelective bibliography (p. 642-644).
650 0 _aAmerican drama
_y20th century
_9153712
655 7 _aDrama
_2lcgft
_9153046
700 1 _aGassner, John,
_d1903-1967
_eeditor
_4edt
_ewriter of introduction
_4win
_935206
942 _2lcc
_cBK
999 _c200468141
_d86353